Statistics for Countries with the Most Domestic Camels

Click here to take the quiz!

General Stats

  • This quiz has been taken 34,211 times
    (32,939 since last reset)
  • The average score is 15 of 20

Answer Stats

#Country% Correct
0.493 mSaudi Arabia
94%
0.417 mAlgeria
87%
4.90 mSudan
87%
0.273 mOman
85%
0.433 mYemen
85%
8.28 mChad
82%
1.83 mNiger
82%
0.462 mUnited Arab Emirates
80%
1.28 mEthiopia
79%
0.252 mIndia
79%
1.24 mMali
78%
0.290 mNigeria
76%
7.24 mSomalia
75%
0.238 mTunisia
75%
0.405 mChina
74%
1.50 mMauritania
73%
1.09 mPakistan
72%
4.72 mKenya
66%
0.388 mEritrea
64%
0.472 mMongolia
55%

Score Distribution

Percentile by Number Answered

Percent of People with Each Score

Your Score History

You have not taken this quiz since the last reset